00606nam a22001932 4500001001100000005001700011008004100028020001700069040001500086100003700101245010700138250001300245260003600258300001600294650002800310650003900338700003200377852000300409000002437820151217155236.0130910s xx 000 0 eng d a0470122372 : aKABUcKABU1 aRosenthal, Miriam D.@000018441710aMedical biochemistry :bhuman metabolism in health and disease /cMiriam D. Rosenthal, Robert H. Glew. a1st ed. aDanvers, MA :bJ. Wiley,c2009. axi, 426 p. 0aMetabolism.@0000180401 0aMetabolismxDisorders.@00001844181 aGlew, Robert H.@00001844191